000 01024nam a22002537a 4500
005 20240530110519.0
008 160215s2013 su a g 000 0 ara d
017 _a1433/6583
_bالسعودية . مكتبة الملك فهد الوطنية
020 _a9786038087954
040 _aEG-CaGPL
082 0 4 _221
_a371.91\
_bع ت
100 0 _aعبير طوسون احمد .
245 1 2 _aالتدريب الميدانى فى مجال صعوبات التعلم :
_bدليل علمى لمعلمى صعوبات التعلم /
_cعبير طوسون احمد .
250 _aط1.
260 _aالرياض :
_bدار الزهراء ،
_c2013 .
300 _a375 ص ؛
_c24 سم .
504 _aيشتمل على ارجاعات ببليوجرافية .
650 0 4 _aالمعوقون
_xتعليم .
650 0 4 _aعلم النفس التربوى .
650 0 4 _aصعوبات التعلم .
650 0 4 _aالاطفال بطيئو التعلم .
942 _2ddc
_cBK
999 _c61854
_d61854